FRANKIE PEACHES & ME (Record no. 6411)
[ view plain ]
| 000 -LEADER | |
|---|---|
| fixed length control field | 00616nam a22001337a 4500 |
| 020 ## - INTERNATIONAL STANDARD BOOK NUMBER | |
| ISBN | 0439-97342-2 |
| 082 ## - DEWEY DECIMAL CLASSIFICATION NUMBER | |
| Classification number | 823 |
| Item number | MCO/R |
| 100 ## - MAIN ENTRY--AUTHOR NAME | |
| Personal name | M'COMBIE, KAREN |
| 245 ## - TITLE STATEMENT | |
| Title | FRANKIE PEACHES & ME |
| 260 ## - PUBLICATION, DISTRIBUTION, ETC. (IMPRINT) | |
| Place of publication | NEW DELHI |
| Name of publisher | SCHOLASTIC CHILDRENS BOOKS |
| Year of publication | 2004 |
| 300 ## - PHYSICAL DESCRIPTION | |
| Number of Pages | 218 |
| 520 ## - SUMMARY, ETC. | |
| Summary, etc | Stella's family have swapped a brilliant life in London for a sleepy seaside resort where the biggest thrill is a psycho seagull. How is shy-girl Stella going to fit in to this freaky little town, especially without her best friend Frankie? Then – with a waft of peaches and cream – things start to get interesting... |
| 942 ## - ADDED ENTRY ELEMENTS (KOHA) | |
| Koha item type | Books |
| Withdrawn status | Lost status | Collection code | Home library | Current library | Shelving location | Date acquired | Source of acquisition | Full call number | Accession Number | Koha item type |
|---|---|---|---|---|---|---|---|---|---|---|
| Fiction | Main Library | Main Library | SHELF 15-K-CHILDREN'S STORYBOOKS | 06/02/2019 | Purchase | 823 MCO/R | 11103 | Books |